| 000 | 00726pam a2200253 i 4500 | ||
|---|---|---|---|
| 999 |
_c46247 _d46247 |
||
| 001 | 2707847 | ||
| 005 | 20190430095334.0 | ||
| 008 | 760819s1976 mnu b 000 0 eng | ||
| 010 | _a 76040927 | ||
| 020 | _a0871232294 | ||
| 040 |
_aDLC _cDLC _dDLC |
||
| 100 | 1 |
_aPalmer, Bernard, _d1914-1998. |
|
| 245 | 1 | 0 |
_aHow churches grow / _cBernard & Marjorie Palmer. |
| 260 |
_aMinneapolis : _bBethany Fellowship, _cc1976. |
||
| 300 |
_a171 p. ; _c21 cm. |
||
| 336 | _atext | ||
| 337 | _aunmediated | ||
| 338 | _avolume | ||
| 504 | _aBibliography: p. [170]-171. | ||
| 650 | 0 |
_aChurch growth _xCase studies. |
|
| 650 | 0 |
_aEvangelistic work _xCase studies. |
|
| 700 | 1 |
_aPalmer, Marjorie, _ejoint author. |
|
| 942 |
_2lcc _cBK |
||